000 00933nas a2200325 4500
001 BR0401093
003 BR-BrBNA
005 20231205104409.0
007 ta
008 230509b bl.|||p| |||| 00| 00por d
040 _aBR-BrBNA
_bpor
_cBiblioteca Nacional de Agricultura
041 _a(Pt)
072 _aF63; F30
100 1 _aAbud, S.
100 1 _aSouza, P.I.M. de
100 1 _aMoreira, C.T.
100 1 _aAndrade, S.R.M.
100 1 _aUlbrich, A.V.
100 1 _aVianna, G.R.
100 1 _aRech, E.L.
100 1 _aAragão, F.J.L.
245 1 _aDispersão do pólen em soja transgênica na região do Cerrado
650 _aSOJA
650 _aPLANTA TRANSGÊNICA
650 _aPOLINIZAÇÃO
650 _aCERRADO
773 0 _tPesquisa Agropecuária Brasileira (Brazil)
_xISSN 0101-204X
_g(Oct 2003), v. 38(10) p. 1129-1235
_wBR0401093
909 _a202311
_bLúcia
_c55
_dLúcia Elande
942 _2AGRIS
_n0
_cANA
999 _c177939
_d177939